000 00315 a2200157 4500
001 175845
020 _a
040 _cMagnum
100 _aGewandsznajder, Fernando
240 1 0 _aNutricao
_lpor
245 1 0 _aNutricao
362 0 _a1899
440 1 _aÁtica
697 _aMAGNITO: PARADIDATICOS
942 _cBK
999 _c175845
_d175845